000 00330 a2200157 4500
001 72740
020 _a8532205879
040 _cAnchieta - Colégio São Paulo
100 _aAlencar, José de
240 1 0 _aSenhora
_lpor
245 1 0 _aSenhora
300 _a262
362 0 _a1999
650 4 _aFicção brasileira
942 _cBK
999 _c72740
_d72740